| Tag |
First Indicator |
Second Indicator |
Subfields |
| LEADER |
00000cam a2200000Ia 4500 |
| 001 |
in00002087321 |
| 005 |
20151102165804.0 |
| 008 |
050909s1978 caua b 000 0 eng d |
| 035 |
|
|
|a (OCoLC)ocm61465008
|
| 040 |
|
|
|a TXA
|c TXA
|d UtOrBLW
|
| 043 |
|
|
|a n-us---
|
| 049 |
|
|
|a TXAM
|
| 090 |
|
|
|a TN291.5
|b .F86 1978
|
| 100 |
1 |
|
|a Funge, William J.
|
| 245 |
1 |
0 |
|a Deep ocean mineral recovery :
|b what needs to be resolved /
|c by William J. Funge, David I. Juran.
|
| 264 |
|
1 |
|a [San Diego, Calif.] :
|b Society of Naval Architects and Marine Engineers,
|c [1978?]
|
| 300 |
|
|
|a 21 pages, 9 unnumbered leaves :
|b illustrations ;
|c 28 cm.
|
| 336 |
|
|
|a text
|b txt
|2 rdacontent
|
| 337 |
|
|
|a unmediated
|b n
|2 rdamedia
|
| 338 |
|
|
|a volume
|b nc
|2 rdacarrier
|
| 504 |
|
|
|a Includes bibliographical references.
|
| 650 |
|
0 |
|a Ocean mining.
|
| 650 |
|
0 |
|a Ocean mining
|x Government policy
|z United States.
|
| 700 |
1 |
|
|a Juran, David I.
|
| 910 |
|
|
|a tp2537
|
| 947 |
|
|
|a A14833724240
|
| 948 |
|
|
|a cataloged
|b h
|o 2006/3/8
|d c
|e Techpro
|
| 994 |
|
|
|a C0
|b TXA
|
| 999 |
|
|
|a MARS
|
| 999 |
f |
f |
|s 2686a06d-6a79-3aba-a367-773e489a1aac
|i fe1d6b0a-1913-3a86-abee-a546d830f499
|t 0
|
| 952 |
f |
f |
|p ric
|a Texas A&M University
|b Rellis Campus
|c Joint Library Facility
|d Remote Storage
|t 0
|e TN291.5 .F86 1978
|h Library of Congress classification
|i unmediated -- volume
|m A14833724240
|
| 998 |
f |
f |
|a TN291.5 .F86 1978
|t 0
|l Remote Storage
|